| 000 | 01618cam a2200325 4500 | ||
|---|---|---|---|
| 008 | 010803n2001 000 0 eng u | ||
| 020 | _a1851125019 | ||
| 035 | _a(Sirsi) u113921 | ||
| 050 | _a711.1 | ||
| 110 |
_aCardiff University _cDepartment of City and Regional Planning _94134 |
||
| 245 | _aCompletion notices | ||
| 260 |
_aLondon _bDepartment for Transport, Local Government and the Regions _c2001 |
||
| 300 |
_a89p. _c30cm. |
||
| 350 | _a14.00 | ||
| 490 | _aDTLR Planning Research | ||
| 520 | _aInvestigates the use by local authorities of completion notices under the Town and Country Planning Act 1990 s94-96 to direct owners and developers to complete permitted developments within a given period of time or face termination of the planning permission. Concludes that the present system is too complex, inflexible and time-consuming to be truly effective and includes recommendations for both streamlining current practice and more radical change. The research report is also available on the DTLR website at http://www.dtlr.gov.uk/planning/compres/index.htm. | ||
| 650 | _aCOMPLETION NOTICES | ||
| 650 | _aPERMITTED DEVELOPMENT | ||
| 650 | _aPLANNING LAW | ||
| 650 | _aPLANNING PERMISSION | ||
| 650 | _aPLANNING PROCESS | ||
| 650 | _aPLANNING SYSTEM | ||
| 650 | _aTERMINATION | ||
| 650 | _aTOWN AND COUNTRY PLANNING ACT 1990 SS94-96 | ||
| 690 |
_aPlanning and development _96259 |
||
| 710 |
_aBuchanan Partnership _94095 |
||
| 710 |
_aDepartment for Transport, Local Government and the Regions _94091 |
||
| 856 | _uhttps://www.communities.gov.uk/index.asp?id=1143334 | ||
| 942 | _n0 | ||
| 999 |
_c101566 _d101566 |
||